000 00874nam a22002537a 4500
005 20170123164150.0
010 _aB-109098
020 _c120.00
035 _aB-109098
037 _bCen Lib / Ret
040 _aDPL
_bPN
082 _a851
_bਅਮਰ
100 _aਅਮਰ ਜਉਤੀ
_92233
245 _aਸੂਫ਼ੀ ਰੋਮਾਂਸ /
_cਅਮਰ ਜਉਤੀ
246 _aSoofi romans /
_bby Amar Jyoti
260 _aਲੁਧਿਆਣਾ
_bਚੇਤਨਾ ਪ੍ਰਕਾਸ਼ਨ
_c2004
270 _aਪੰਜਾਬੀ ਭਵਨ
_b ਲੁਧਿਆਣਾ
300 _a131p.
_c21cm(Hb)
650 _aਪੰਜਾਬੀ ਸਾਹਿਤ
_9125607
650 _aPunjabi poems
_998797
650 _aLiterature -- Punjabi
_9125608
650 _aਪੰਜਾਬੀ ਕਵਿਤਾ
_9125609
942 _2ddc
_cPN
_h851
_mਅਮਰ
999 _c110259
_d110259